书目信息 |
| 题名: |
马克思
|
|
| 作者: | 刘文涛 著 | |
| 分册: | ||
| 出版信息: | 北京 红旗出版社 1997.09 |
|
| 页数: | 492页 | |
| 开本: | 21cm | |
| 丛书名: | 四大革命导师传 | |
| 单 册: | ||
| 中图分类: | A711 | |
| 科图分类: | ||
| 主题词: | 马克思,K.--传记 | |
| 电子资源: | ||
| ISBN: | 7-5051-0148-X | |
| 000 | 00617nam0 2200229 45 | |
| 001 | 9909221771 | |
| 005 | 20050517161324.9 | |
| 010 | @a7-5051-0148-X@dCNY100.00 | |
| 100 | @a19990922d1997 km y0chiy0120 ea | |
| 101 | @achi | |
| 105 | @a z 000yy | |
| 200 | 1 | @a马克思@AMa Ke Si@f刘文涛著@FLiu WenTao Zhu |
| 210 | @a北京@c红旗出版社@d1997.09 | |
| 215 | @a492页@c肖像,照片@d21cm | |
| 225 | @a四大革命导师传 | |
| 300 | @a附录:马克思年表 | |
| 410 | @12001 @a四大革命导师传 | |
| 606 | 0 | @a马克思,K.@x传记 |
| 690 | @aA711@v1 | |
| 701 | 0 | @a刘文涛@4著 |
| 801 | @aCN@bTSTC@c19990922 | |
| 905 | @dA711@e95@f1@b284048 | |
| 马克思/刘文涛著.-北京:红旗出版社,1997.09 |
| 492页:肖像,照片;21cm.-(四大革命导师传) |
| 附录:马克思年表 |
| ISBN 7-5051-0148-X:CNY100.00 |
| ● |
| 相关链接 |
|
|
|
|
正题名:马克思
索取号:A711/95
 
预约/预借
| 序号 | 登录号 | 条形码 | 馆藏地/架位号 | 状态 | 备注 |
| 1 | 0284047 | 002840475 | 第一借阅区/ [索取号:A711/95] | 在馆 | |
| 2 | 0284048 | 002840484 | 第一样本阅览室/ [索取号:A711/95] | 在馆 |